Deutsche Nummer-1-Hits mit E - Statistiken

Allgemein
  • Dieses Quiz wurde 55 mal gespielt
  • Das Durchschnittsergebnis liegt bei 5 aus 14
Antwortstatistiken
Jahr Textzeile Titel % Korrekt
1976 __ ___ __ ______, das ist immer frei, denn es ist Sommer und was ist schon dabei? Ein Bett im Kornfeld
82%
1994 Drei, vier, Grenadier Eins, zwei, Polizei
67%
1982 Wie eine Blume am Winterbeginn, und so wie ein Feuer im eisigen Wind Ein bisschen Frieden
51%
1995 What about sunrise? What about rain? Earth Song
47%
2007 Seit Jahren schon leb ich mit dir und ich danke Gott dafür, dass er mir dich gegeben hat Ein Stern (… der deinen Namen trägt)
35%
2021 Exit light, enter night, take my hand, we're off to never-never land Enter Sandman
35%
1988 C'est comme toute l'histoire du peuple noir qui se balance entre l'amour et le désespoir Ella elle l'a
27%
1960 __ _____ ___ ____, und das bringt mir den Einen Ein Schiff wird kommen
24%
1972 Oh Maria, ich hab dich lieb, ich hab dich lieb, bitte glaube mir Es fährt ein Zug nach nirgendwo
24%
1970 I'd rather be a sparrow than a snail El Condor Pasa (If I Could)
20%
1991 Look into my eyes, you will see what you mean to me (Everything I Do) I Do It for You
20%
1982 Side by side on my piano keyboard, oh lord, why don't we? Ebony and Ivory
18%
2012 Don't go, in every breath I take I'm breathing you, ______, forever 'til the end of time Euphoria
14%
1969 I find it hard to realize that love was in her eyes, it's dying now Eloise
10%
Keine übereinstimmenden Quizze gefunden
Verteilung der Resultate
Anzahl Personen mit jedem Resultat
Perzentil nach korrekt beantworteten Fragen
Ihre Resultats-Entwicklung
Sie haben dieses Quiz noch nicht gespielt